Об отпуске средств на расходы по приспособлению Владивостокского торгового порта к приему военных грузов

RUSMARC
00005367cbc2a2200000#x 450
00164c7ba154caa4fafa3b48c6e7f353881
00520220811140211.0
100##$a20130912l19151915k y0rusy0189 ca
1010#$arus
102##$aRU
251##$cДело
2250#$aФонд Совет министров (1905-1917)
$hОпись № 11
$i1915 г.
300##$aМашинописный текст
300##$aОригинальный заголовок дела: Об отпуске средств из казны на производство вызываемых внешними обстоятельствами работ во Владивостокском торговом порту : начато 6 октября 1915 года
324##$aПленка
801#0$aRU
$bРГИА
$c20130912
801#1$aRU
$bГлавНИВЦ
$c20130912
$2rusmarc
801#2$aRU
$bПБ им. Б.Н. Ельцина
$c20130913
$gRCR
$2rusmarc
850##$aФедеральное казенное учреждение "Российский государственный исторический архив"
852##$aРГИА
$j656
937##$aASBIBLIO_SCAN
$bРГИА_1276:_11:_656:
$d1680091
$hРГИА
2001#$aОб отпуске средств на расходы по приспособлению Владивостокского торгового порта к приему военных грузов
$j10-16 октября 1915 года
215##$a6 листов
035##$a64c7ba154caa4fafa3b48c6e7f353881
607##$2nlr_sh
$3RU\NLR\AUTH\661414324
$aРоссия
$jАрхивные дела
$xПолитика и управление
$yДальний Восток
$z19 - нач. 20 вв.
60102$2nlr_sh1
$3RU\NLR\AUTH\66241803
$aВладивостокский порт
$jАрхивные дела
605##$2acquisition_Prlib
$3DITM\AF\0000002775
$aВласть
$lколлекция
605##$2acquisition_Prlib
$3LIBNET\UAF\0000102567
$aГород-порт Владивосток
$lколлекция
617##$2prlib_sh
$cПриморский край
686##$2rubbk
$a63.3(285.5)52-3ю1
$vLBC/M
1222#$ad19151010##
$ad19151016##
5171#$aОб отпуске средств из казны на производство вызываемых внешними обстоятельствами работ во Владивостокском торговом порту
$eначато 6 октября 1915 года
461#0$1001c7912e80-a322-4844-9992-beca65726c82
$12001
$aСовет министров (1905-1917)
$1251
$cФонд
$1852
$j1276
462#0$100155a01488-fef8-4880-9d81-3d684c7ccc8b
$12001
$a1915 г.
$vД. 656
$1251
$cОпись
$1852
$j11
Формат отображения